| 000 | 01910ngm a22003610a 4500 | ||
|---|---|---|---|
| 001 | PT58250 | ||
| 003 | AR-LpoUNG | ||
| 005 | 20210202000123.0 | ||
| 007 | vd cvaizq | ||
| 008 | 191001s2004||||ag |||||||||||||||||eng d | ||
| 037 | _c$5 | ||
| 040 |
_aAR-LpoUNG _bspa _cAR-LpoUNG _eaacr |
||
| 041 |
_aeng _apor _aspa |
||
| 044 | _aag | ||
| 082 | 0 | _a306.73 636des | |
| 100 | 1 |
_aEdwards, Blake _edir. |
|
| 245 | 1 | 0 | _aDesayuno en Tiffany's |
| 260 |
_aSan Luis : _bAVH, _c2004. |
||
| 300 | _aDVD (114 min.) : son., col. | ||
| 505 | 0 | _aHecha en 1961 en Estados Unidos. Guión: George Axelrod. Basada en la novela de Truman Capote. Dirección artística: Hal Pereira, Roland Anderson. Fotografía: Franz Planer, Philip H. Lathrop. Música: Henry Mancini. Producción: Martin Jurow, Richard Shepherd. Reparto: Audrey Hepburn, George Peppard, Patricia Neal, Buddy Ebsen. Subtitulada en inglés, portugués y castellano. ATP. | |
| 520 | _aBasada en una adaptación libre de la novela hómonima escrita por Truman Capote, Desayuno con diamantes es la historia de Holly Golightly, una bella joven un tanto excéntrica, inmersa en un mundo idealizado que no existe, que sueña con alcanzar el estrellato y convertirse en una actriz de éxito. Cada día desayuna frente a una imponente joyería. Su vida cambia cuando a su edificio llega Paul Varjack, un escritor frustrado que también anhela el éxito pero cuya esperanza se encuentra bastante maltrecha tras muchos intentos sin éxito. Paul vive mantenido por una mujer mayor a quien no quiere. Cuando los caminos de ambos deciden cruzarse, sus vidas cambian para siempre. | ||
| 650 | 4 | _aASPECTOS SOCIALES | |
| 650 | 4 | _aESTADOS UNIDOS | |
| 650 | 4 | _aMATRIMONIO | |
| 650 | 4 | _aRELACIONES HUMANAS | |
| 653 | _aCINE ESTADOUNIDENSE | ||
| 653 | _aCOMEDIA | ||
| 653 | _aDVD | ||
| 653 | _aROMANTICA | ||
| 653 | _aVIDEOS | ||
| 905 | _a58250 | ||
| 942 | _cDVD | ||
| 999 |
_c54159 _d54159 |
||